00000000cam 2200000zi 4500
0019.952994
003CaOODSP
00520260527150622
006m     o  d f      
007cr cn|||||||||
008250708e20250529oncabdo ob   f000 0 eng d
020 |a9780660780542 |q(report)
020 |a9780660780559 |q(summary)
040 |aCaOODSP|beng|erda|cCaOODSP
043 |an-cn---
0861 |aNR16-250/2025E-PDF
0861 |aNR16-250/2025-1E-PDF
24500|aEvaluation of the Digital Technologies Research Centre / |cOffice of Audit and Evaluation.
250 |a[May 29, 2025 edition].
264 1|a[Ottawa] : |bNational Research Council Canada = Conseil national de recherches Canada, |cMay 29, 2025.
264 4|c©2026
300 |a1 online resource (54 pages) : |billustrations, maps, graphs, photographs + |e1 summary (2 pages)
336 |atext|btxt|2rdacontent
337 |acomputer|bc|2rdamedia
338 |aonline resource|bcr|2rdacarrier
500 |aCover title.
500 |aIssued also in French under title: Évaluation du Centre de recherche en technologies numériques.
504 |aIncludes bibliographical references.
520 |a"An evaluation of the National Research Council of Canada's (NRC) Digital Technologies Research Centre (DT) was conducted in fiscal years 2023-24 and 2024-25 and covers the period from 2017-18 to 2023-24. The research centre was last evaluated in 2018, covering the period of 2012-13 to 2016-17. This evaluation was carried out in accordance with the NRC's approved evaluation plan and the Treasury Board's Policy on Results (2016)"--Introduction, page 5.
61020|aNational Research Council Canada|xEvaluation.
650 0|aTechnological innovations|xResearch|zCanada.
7102 |aNational Research Council Canada. |bOffice of Audit and Evaluation, |eissuing body.
77508|tÉvaluation du Centre de recherche en technologies numériques / |w(CaOODSP)9.952997
795 |tEvaluation of NRC’s Digital Technologies Research Centre : |b[August 13, 2018 edition]|w(CaOODSP)9.866170
85640|qPDF|s1.17 MB|uhttps://publications.gc.ca/collections/collection_2026/cnrc-nrc/NR16-250-2025-eng.pdf|zReport
85640|qPDF|s149 KB|uhttps://publications.gc.ca/collections/collection_2026/cnrc-nrc/NR16-250-2025-1-eng.pdf|zSummary
8564 |qHTML|sN/A|uhttps://nrc.canada.ca/en/corporate/planning-reporting/evaluation-digital-technologies-research-centre-2025-26|zReport
85640|aHTML|sN/A|uhttps://nrc.canada.ca/en/corporate/planning-reporting/evaluation-digital-technologies-research-centre-2025-26-summary-report|zSummary